Atlas fotográfico de anatomía humana

Guardat en:
Dades bibliogràfiques
Autors principals: Rohen, Johannes W (Autor), Yokochi, Chihiro (Autor)
Format: Llibre
Idioma:espanyol
Publicat: Madrid Mosby 1996
Edició:3a. ed
Matèries:
Etiquetes: Afegir etiqueta
Sense etiquetes, Sigues el primer a etiquetar aquest registre!

MARC

LEADER 00000nam a2200000 a 4500
001 UCT9930
003 CL-VaPUC
005 20241218104717.0
008 970416e19960000SP |||||||||||||||||spa|d
999 |c 258267  |d 258265 
040 |c Pontificia Universidad Católica de Valparaíso 
082 0 4 |a 611  |b ROH  |2 21 
100 0 |a Rohen, Johannes W  |e author  |9 383031 
245 1 0 |a Atlas fotográfico de anatomía humana 
250 |a 3a. ed 
260 |a Madrid  |b Mosby  |c 1996 
300 |a 483 p 
583 |a last modification  |c 19970416 00:00:00  |k Rodrigo Vera 
650 0 |a Anatomía humana  |x Anatomía regional  |x Anatomía macroscópica  |v Atlas  |9 269546 
650 0 |a Fisiología humana  |x Cuerpo humano  |9 344504 
650 0 |a Tejidos  |9 344505 
700 0 |a Yokochi, Chihiro  |e author  |9 383032 
942 |c BK  |2 ddc 
945 |d 19970416 00:00:00  |a amoreno 
952 |0 0  |1 0  |4 0  |6 611_000000000000000_ROH_1996  |7 0  |8 A  |9 282224  |a BIBCUR  |b BIBCUR  |d 2019-11-19  |i 3301451  |l 17  |m 2  |o 611 ROH 1996  |p 3301451  |r 2025-04-22  |s 2025-04-07  |w 2019-11-19  |y BK  |k KIN 
952 |0 0  |1 0  |4 0  |6 611_000000000000000_ROH_1996  |7 0  |8 A  |9 282225  |a BIBCUR  |b BIBCUR  |d 2019-11-19  |i 330146K  |l 20  |m 3  |o 611 ROH 1996  |p 330146K  |r 2025-04-22  |s 2025-04-10  |w 2019-11-19  |y BK  |k KIN 
952 |0 0  |1 0  |2 ddc  |4 0  |6 611_000000000000000_ROH_1996  |7 0  |8 A  |9 282226  |a BIBCUR  |b BIBCUR  |c PAC  |d 2019-11-19  |i 3301478  |o 611 ROH 1996  |p 3301478  |r 2025-04-22  |w 2019-11-19  |y BK  |k KIN 
952 |0 0  |1 0  |2 ddc  |4 0  |6 611_000000000000000_ROH_1996  |7 0  |8 P  |9 282227  |a BIBCUR  |b BIBCUR  |c PAC  |d 2019-11-19  |i 3301486  |o 611 ROH 1996  |p 3301486  |r 2025-04-22  |w 2019-11-19  |y BK  |k KIN 
952 |0 0  |1 0  |4 0  |6 611_000000000000000_ROH_1996  |7 0  |8 A  |9 282228  |a BIBCUR  |b BIBCUR  |d 2019-11-19  |i 3301494  |l 10  |m 4  |o 611 ROH 1996  |p 3301494  |r 2025-04-22  |s 2024-10-15  |w 2019-11-19  |y BK  |k KIN